000 00991cam a2200277 i 4500
999 _c26015
_d26015
001 26015
003 Mx-PuUPA
005 20220512100005.0
008 140415s2002 xxua fr 001 0 eng d
020 _a1584500379
040 _aMx-PuUPA
_bspa
_cMx-PuUPA
_dMx-PuUPA
_erda
041 0 _aeng
100 1 _aLengyel, Eric,
_eautor
_99561
245 1 0 _aMathematics for 3D game programming and computer graphics /
_cEric Lengyel
264 3 4 _aHingham, Massachusetts :
_bCharles River Media,
_c©2002
300 _axvi, 382 páginas :
_bilustraciones, fórmulas matemáticas ;
_c25 cm.
336 _2rdacontent
_atexto
_btxt
337 _2rdamedia
_asin medio
_bn
338 _2rdacarrier
_avolumen
_bnc
650 1 4 _aJuegos de computadora
_xprogramación
650 1 4 _aSistemas de visualización tridimensional
_xmatemáticas
650 1 4 _aGráficos por computadora
_xmatemáticas
942 _2ddc
_cLI
_h794.81526
_iL563